Quizzes
Events
Quiz Creation
Community
Videos
Private Events
Remove Ads
Sign In
Join for FREE
Feedback
Dark Mode
Quiz Categories
Sports
Geography
Music
Movies
Television
Just For Fun
Miscellaneous
History
Literature
Language
Science
Gaming
Entertainment
Religion
Holiday
For Kids
Quiz Lab
Recent
Popular Today
Quiz Kudos Today
Editor Picks
Curator Picks
Quizzes by...
Day
Popularity
Type
Ratings
Length
Year
Community
Subscriptions
Recent Discussions
Orange Saloon
Badges
Playlists
Quests
Create
Leaderboards
Showdown
Live 5
Trivia Bingo
Activity
Puzzle Library
Sporcle Events
Private Events
Virtual Trivia
Globe League
Become a Host
Pub Owners
SporcleCon
Opinionation
Our Games
Videos
Blog
Mobile Apps
Partnerships
Remove Ads and Go Orange
Feedback
Sports
Athletes
MLB
NBA
NHL
NFL
Soccer
Sports Teams
WWE
NCAA
Football
Premier League
Basketball
Baseball
Hockey
Golf
Tennis
Cricket
Rugby
Auto Racing
Olympics
World Cup
Sports
Athletes
MLB
NBA
NHL
NFL
Soccer
Sports Teams
WWE
NCAA
Football
Premier League
Basketball
Baseball
Hockey
Golf
Tennis
Cricket
Rugby
Auto Racing
Olympics
World Cup
Random Quiz
Search Sporcle
×
Quiz Lab
Quiz Lab
Sports
NBA
Type in answers that appear in a list
Type in answers that appear in a list
Classic
Best Score? Go Orange.
NBA MVPs 1980-2010 Stats
Can you name the NBA MVPs from 1980-2010?
By
MikeJames
3m
31 Questions
8,829 Plays
8,829 Plays
8,829 Plays
Comments
Comments
Give Quiz Kudos
Give Quiz Kudos
-
- Ratings
hide this ad
Replay
Link that replays current quiz
Next Quiz
Link to next quiz in quiz playlist
You Got
0%
They Got
Avg Score
97%
Avg Friend Score
Upgrade to see
Score Distribution
Jump to the score distribution portion of the page
Score
0/31
Timer
03:00
0
Plays Today
Team
MVP
% Correct
Cavaliers
LeBron James
99.8%
Cavaliers
LeBron James
99.8%
Lakers
Kobe Bryant
99.7%
Bulls
Michael Jordan
99.7%
Bulls
Michael Jordan
99.7%
Bulls
Michael Jordan
99.7%
Bulls
Michael Jordan
99.7%
Bulls
Michael Jordan
99.7%
Spurs
Tim Duncan
99.4%
Spurs
Tim Duncan
99.4%
Suns
Steve Nash
99.2%
Suns
Steve Nash
99.2%
76ers
Allen Iverson
98.8%
Lakers
Magic Johnson
98.8%
Lakers
Magic Johnson
98.8%
Lakers
Magic Johnson
98.8%
Team
MVP
% Correct
Celtics
Larry Bird
98.8%
Celtics
Larry Bird
98.8%
Celtics
Larry Bird
98.8%
TimberWolves
Kevin Garnett
98.6%
Lakers
Shaquille O'Neal
98.5%
Mavericks
Dirk Nowitzki
98.1%
Jazz
Karl Malone
97.9%
Jazz
Karl Malone
97.9%
76ers
Moses Malone
97.7%
Rockets
Moses Malone
97.7%
Spurs
David Robinson
96%
Rockets
Hakeem Olajuwon
94%
Suns
Charles Barkley
93.5%
Lakers
Kareem Abdul-Jabbar
90.4%
76ers
Julius Erving
84.9%
Quiz Playlist
Details
Report
Send in Message
Add To Playlist
Classic:
Type in answers that appear in a list
Last Updated: Mar 24, 2017
Quiz Scoreboard
CHALLENGE
Sign Up to Join the Scoreboard
Show All
Scores
Hide
Comments
May contain spoilers
Recently Published
1-10 Letter E Words III
by El_Dandy
Language
2m
One Thing in Common: World Cities II
by knightlancer
Geography
7m
Popular People in 1961
by mucciniale
History
6m
More to Explore
Quiz From the Vault
Featured Blog Post
Where Did the Easter Bunny Come From?
hide this ad
You Might Also Like...
Tags
Basketball Quiz
NBA Quiz
MVP
team
Today's Top Quizzes in Sports
Browse Sports
hide this ad
Today's Top Quizzes in NBA
Browse NBA
Top Contributed Quizzes in Sports
1
Les meilleurs buteurs des matchs entre le PSG et l’OM
2
Les entraîneurs de l'OM et du PSG au 21e siècle
3
2022 World Cup Stars
4
FIFA Club World Cup Champions
5
Name the Premier League winners with different clubs
6
La finale Lions - Afrique du Sud 2021
7
Criteria MLB: Left Handed Sluggers
8
Players with Multiple 50 Home Run Seasons
9
MLB Players with Two .350 Batting Average Seasons
10
MLB Hall of Famer by Rings
Explore More
Trending Topics
NBA
Marvel
Kpop
Anime
Disney
Harry Potter
Crossword
Soccer
WWE
Song
Puzzle
NFL
Country
The Office
Pokémon
hide this ad
More By:
MikeJames
Quiz
Plays
Rating
Category
Featured
Created
NBA MVPs 1980-2010
8,829
2.39
Sports
Dec 31, 2010
Superbowl Winners Since 2000
475
3.20
Sports
Dec 31, 2010
All Presidents and Vice Presidents
229
3.00
History
Jan 4, 2011
Top Ten Recievers With Most Career Yards
174
Sports
Dec 31, 2010
MLB MVPs Winners Since 2000
140
1.25
Sports
Jan 5, 2011
Go to Creator's Profile
Score Distribution
Quiz Creator Spotlight
MikeJames
Follow
Send a Message
Quizzes Created
-
Created Quiz Play Count
-
More By This Creator
Popular Quizzes Today
1
Find the US States - No Outlines Minefield
2
The Countries of the World
3
Popular People in 1961
4
Find the Countries of Europe - No Outlines Minefield
5
1-10 Letter E Words III
6
Find the US States
7
One Thing in Common: World Cities II
8
US States
More Sports Quizzes
Air Jordan Shoes
Quiz Lab
Trending Quizzes
1-10 Letter F Words
1-10 Letter G Words
Risky Map Clicking: Next State Alphabetically
1-10 Letter F Words II
Risky Map Clicking: States by Unique Starting Letters
Recently Updated
Leaping Animals
pecheneg
Reality TV Shows (A-Z)
bhenderson79
Rickey Henderson's Hall of Fame Teammates
pecheneg
Champions League XIs: Arsenal
pecheneg
Quick Pick: Celebrities in WWE's Hall of Fame
aduchscher
A-Z Keypad Blitz II
pecheneg
Multiple Oscar Actors
pecheneg
Mystery Phrase Blitz: Oscar 'Best Actors'
pecheneg
F. Scott Fitzgerald Novels
LTH
Pick 3 Villains
ddd62291
Trending Topics
Marvel
Harry Potter
Crossword
Disney
Kpop
Anime
NBA
NFL
Soccer
The Office
Puzzle
Country
Pokémon
Song
WWE
Your Account Isn't Verified!
In order to create a playlist on Sporcle, you need to verify the email address you used during registration. Go to your
Sporcle Settings
to finish the process.
Report this User
Report this user for behavior that violates our
Community Guidelines
.
Details:
Send Report
Go to the Sporcle.com Mobile Site →
Comments